[Event "AUTO-OPEN-4637"]
[Site "http://www.queenalice.com/game.php?id=1868790"]
[Date "2026.2.2"]
[Round "1"]
[White "Rafale2000"]
[Black "attachui"]
[Result "0-1"]
[WhiteElo "1981"]
[BlackElo "2161"]

1. e4 c5 2. c3 d5 3. exd5 Qxd5 4. d4 cxd4 5. cxd4 Nc6 6. Nf3 Nf6 7. Nc3 Qd8 8.
Bb5 Bd7 9. O-O a6 10. Bd3 Bg4 11. Be2 Bxf3 12. Bxf3 e6 13. Re1 Nxd4 14. Bxb7 Ra7
15. Bf3 Rd7 16. Bg5 Bb4 17. Qa4 Bxc3 18. bxc3 Nxf3+ 19. gxf3 O-O 20. Rad1 Rd5
21. Rxd5 Qxd5 22. Bxf6 gxf6 23. Re4 Kh8 24. Qd4 Rg8+ 25. Kh1 Qf5 26. Qd3 Qh3 0-1

[Event "AUTO-OPEN-4637"]
[Site "http://www.queenalice.com/game.php?id=1868791"]
[Date "2026.2.2"]
[Round "1"]
[White "attachui"]
[Black "Rafale2000"]
[Result "0-1"]
[WhiteElo "2227"]
[BlackElo "2020"]

1. d4 Nf6 2. c4 c5 3. d5 b5 4. cxb5 a6 5. b6 Qxb6 6. Nc3 Bb7 7. e4 d6 8. Nge2
Nbd7 9. Qb3 g6 10. Nf4 Bg7 11. Bd3 O-O 12. O-O Qxb3 13. axb3 Rfb8 14. Bc2 Nf8
15. Nd3 e6 16. dxe6 Nxe6 17. e5 dxe5 18. Nxe5 Nd4 19. Bd3 Nxb3 20. Ra4 Nh5 21.
Be4 Bxe5 22. Bxb7 Rxb7 23. Re4 Re8 24. Kh1 Nxc1 25. Rxc1 Rbe7 26. Nd5 Re6 27.
Rxc5 Bxb2 28. Rxe6 Rxe6 29. g4 Nf6 30. Ne3 Bd4 31. Rc8+ Kg7 32. g5 Ne4 33. h4
Nxf2+ 0-1

[Event "AUTO-OPEN-4637"]
[Site "http://www.queenalice.com/game.php?id=1868812"]
[Date "2026.2.2"]
[Round "1"]
[White "attachui"]
[Black "Pipo712"]
[Result "1/2-1/2"]
[WhiteElo "2124"]
[BlackElo "2102"]

1. d4 Nf6 2. c4 e6 3. Nc3 Bb4 4. Qc2 O-O 5. Nf3 c5 6. e3 d6 7. a3 Bxc3+ 8. Qxc3
b6 9. Bd3 Bb7 10. dxc5 dxc5 11. b4 Ne4 12. Bxe4 Bxe4 13. bxc5 bxc5 14. Qe5 Qf6
15. Qxf6 gxf6 16. Bb2 f5 17. Ne5 f6 18. Nf3 Nc6 19. O-O e5 20. Nh4 Ne7 21. Rfd1
Rfd8 22. f3 Bd3 23. Rac1 Kf7 24. Rd2 Ng6 25. Rc3 Nxh4 26. Rcxd3 Rxd3 27. Rxd3
Rb8 28. Rd7+ Ke6 29. Rxh7 Nxf3+ 30. gxf3 Rxb2 31. Rxa7 Re2 32. Ra6+ Kf7 33. a4
Rxe3 34. Ra5 Ra3 35. Kf2 f4 36. Rxc5 Rxa4 37. h4 Kg6 38. Rc8 Ra2+ 39. Kg1 Rc2
40. c5 f5 41. c6 Kg7 42. c7 e4 43. fxe4 fxe4 44. h5 e3 45. Kf1 f3 46. h6+ Kh7
47. Kg1 f2+ 48. Kg2 Rc1 49. Re8 Rg1+ 50. Kh2 f1=Q 51. Rh8+ Kxh8 52. c8=Q+ Kh7
53. Qd7+ Kxh6 54. Qg7+ Rxg7 1/2-1/2

[Event "AUTO-OPEN-4637"]
[Site "http://www.queenalice.com/game.php?id=1868814"]
[Date "2026.2.2"]
[Round "1"]
[White "attachui"]
[Black "SGF"]
[Result "1-0"]
[WhiteElo "2128"]
[BlackElo "1773"]

1. d4 e6 2. c4 Bb4+ 3. Bd2 a5 4. Nc3 c6 5. a3 Bxc3 6. Bxc3 f6 7. e4 Ne7 8. Bd3
O-O 9. d5 cxd5 10. cxd5 exd5 11. exd5 Nxd5 12. Bxh7+ Kxh7 13. Qh5+ Kg8 14. Qxd5+
Rf7 15. O-O-O Ra6 16. h4 Nc6 17. g4 Qe7 18. g5 fxg5 19. hxg5 Qe6 20. Qg2 a4 21.
g6 Re7 22. Rd6 Qxd6 23. Rh8+ Kxh8 24. Qh3+ Kg8 25. Qh7+ Kf8 26. Qh8# 1-0

[Event "AUTO-OPEN-4637"]
[Site "http://www.queenalice.com/game.php?id=1868815"]
[Date "2026.2.2"]
[Round "1"]
[White "SGF"]
[Black "attachui"]
[Result "0-1"]
[WhiteElo "1691"]
[BlackElo "2168"]

1. e4 c5 2. Qf3 Nc6 3. c3 Nf6 4. d3 g6 5. Be2 Bg7 6. Qg3 O-O 7. h4 h5 8. a4 d5
9. e5 Ng4 10. Bxg4 Bxg4 11. f3 Bxe5 12. Bf4 Bxf4 13. Qxf4 e5 14. Qg5 Bf5 15. Ke2
Qb6 16. Qd2 Rad8 17. Nh3 e4 18. fxe4 dxe4 19. Nf4 exd3+ 20. Kf1 Na5 21. Kf2 Nb3
22. Qd1 Nxa1 23. Nd2 Qxb2 24. Qc1 Qa2 25. Ke3 Nc2+ 26. Kf3 Qxa4 27. c4 Nd4+ 28.
Ke3 Rfe8+ 29. Kf2 Ne2 30. Nxe2 Rxe2+ 31. Kf3 Qc6+ 32. Kg3 Qxg2+ 33. Kf4 Qg4# 0-1

[Event "AUTO-MASTER-3295"]
[Site "http://www.queenalice.com/game.php?id=1868901"]
[Date "2026.2.4"]
[Round "1"]
[White "chessman"]
[Black "attachui"]
[Result "0-1"]
[WhiteElo "2007"]
[BlackElo "2176"]

1. e4 c5 2. Nf3 d6 3. Bb5+ Bd7 4. Bxd7+ Nxd7 5. O-O Ngf6 6. Re1 g6 7. c3 Bg7 8.
d4 cxd4 9. cxd4 e5 10. Nc3 O-O 11. dxe5 Nxe5 12. Bf4 Nh5 13. Bxe5 dxe5 14. Qxd8
Rfxd8 15. Rad1 Nf4 16. Rxd8+ Rxd8 17. g3 Ne6 18. Kf1 Nc5 19. Ke2 a6 20. Rd1 Rxd1
21. Kxd1 b5 22. a3 Nd3 23. Ke2 Nxb2 24. Nd5 Na4 25. Nc7 Nc5 26. Nd2 Bf8 27. f3
Bd6 28. Nd5 Kg7 0-1

[Event "AUTO-MASTER-3295"]
[Site "http://www.queenalice.com/game.php?id=1868902"]
[Date "2026.2.4"]
[Round "1"]
[White "attachui"]
[Black "chessman"]
[Result "1-0"]
[WhiteElo "2169"]
[BlackElo "2017"]

1. d4 d5 2. c4 c6 3. Nf3 Nf6 4. Nc3 e6 5. Bf4 Be7 6. e3 O-O 7. Rc1 Re8 8. Ne5
Nbd7 9. Bd3 Nf8 10. g4 dxc4 11. Nxc4 Nd5 12. Nxd5 exd5 13. Ne5 Bg5 14. Bg3 a6
15. h4 Bf6 16. g5 Be7 17. Qh5 g6 18. Qf3 Be6 19. a3 Nd7 20. h5 Nxe5 21. Bxe5
Bxg5 22. hxg6 fxg6 23. Bxg6 1-0